[Event "HUN-chT2 Breyer 1819"]
[Site "Hungary"]
[Date "2019.03.10"]
[Round "7.5"]
[White "Gaspar, David"]
[Black "Metzger, Istvan"]
[Result "1-0"]
[WhiteElo "1914"]
[BlackElo "1888"]
[PlyCount "103"]
[EventDate "2018.10.28"]
[EventType "team-tourn"]
[EventRounds "9"]
[EventCountry "HUN"]
[SourceTitle "EXT 2021"]
[Source "ChessBase"]
[SourceDate "2020.10.23"]
[SourceVersion "1"]
[SourceVersionDate "2020.10.23"]
[SourceQuality "1"]
[WhiteTeam "Paty"]
[BlackTeam "Zsambek"]
[WhiteTeamCountry "HUN"]
[BlackTeamCountry "HUN"]

1. e4 e5 2. Nc3 Nf6 3. f4 d6 4. Nf3 exf4 5. d4 Be7 6. Bxf4 0-0 7. Bd3 c5 8. 0-0 Bg4 9. d5 a6 10. a4 Nbd7 11. Qd2 Nh5 12. e5 Nxf4 13. Qxf4 Bxf3 14. exd6 Bf6 15. Rxf3 Ne5 16. Rh3 Nxd3 17. Rxd3 Qb6 18. a5 Qd8 19. Ra2 b5 20. Ne4 Bd4+ 21. Kf1 f6 22. Rh3 Qd7 23. c3 Be5 24. Nxc5 Qxd6 25. Qh4 h6 26. Ne6 Rf7 27. Rd3 Re8 28. Qe4 Rd7 29. Qf3 Bxh2 30. Nd4 Qxd5 31. Qxd5+ Rxd5 32. g3 Ree5 33. b4 Rh5 34. Re3 f5 35. Rf2 f4 36. Rxf4 Rdg5 37. Kg2 Rd5 38. Rf1 Bxg3 39. Rxg3 Rhe5 40. Rf2 g5 41. Rf6 Kg7 42. Rxa6 Re1 43. Rh3 Rc1 44. Raxh6 g4 45. Rh7+ Kg8 46. R3h5 Rd6 47. Rh8+ Kf7 48. R5h7+ Kf6 49. Rh6+ Ke5 50. Rxd6 Kxd6 51. Nxb5+ Kc6 52. a6 1-0

[Event "HUN-chT2 Breyer 1819"]
[Site "Hungary"]
[Date "2019.01.27"]
[Round "4.9"]
[White "Metzger, Istvan"]
[Black "Czibulka, Zoltan"]
[Result "1/2-1/2"]
[WhiteElo "1888"]
[BlackElo "1963"]
[PlyCount "113"]
[EventDate "2018.10.28"]
[EventType "team-tourn"]
[EventRounds "9"]
[EventCountry "HUN"]
[SourceTitle "CBM 189 Extra"]
[Source "ChessBase"]
[SourceDate "2019.06.03"]
[SourceVersion "1"]
[SourceVersionDate "2019.06.03"]
[SourceQuality "1"]
[WhiteTeam "Zsambek"]
[BlackTeam "Budapest HASE"]
[WhiteTeamCountry "HUN"]
[BlackTeamCountry "HUN"]

1. e4 e6 2. d4 d5 3. exd5 exd5 4. Nf3 Bd6 5. Bd3 Ne7 6. h3 c6 7. 0-0 Bf5 8. Bxf5 Nxf5 9. Qd3 Ne7 10. Nc3 f6 11. Ne2 Na6 12. c3 0-0 13. Bf4 Re8 14. Bxd6 Qxd6 15. Ng3 g6 16. Rae1 Rad8 17. Re2 Nc7 18. Rfe1 Nc8 19. Rxe8+ Rxe8 20. Rxe8+ Nxe8 21. Qe3 Ng7 22. Nf1 Ne7 23. N1d2 Nef5 24. Qe2 b5 25. Nb3 Kf7 26. Nc5 a5 27. g4 Qe7 28. Qxe7+ Nxe7 29. Kg2 a4 30. Kg3 g5 31. Ne1 Ne6 32. Ned3 Nxc5 33. Nxc5 Ng6 34. Nd3 h6 35. f4 Ke8 36. f5 Ne7 37. Nc5 Nc8 38. b3 axb3 39. axb3 Nd6 40. Kf3 Ke7 41. Ke3 h5 42. Kf3 hxg4+ 43. hxg4 Nf7 44. Nd3 Kd6 45. b4 Kc7 46. Ke3 Nd6 47. Nc5 Nc4+ 48. Kd3 Kd6 49. Nb7+ Kc7 50. Nc5 Nb6 51. Ne6+ Kd6 52. Nc5 Nc8 53. Ke3 Ke7 54. Kd3 Nd6 55. Ke3 Nf7 56. Nd3 Nh6 57. Kf3 1/2-1/2

[Event "HUN-chT2 Breyer 1819"]
[Site "Hungary"]
[Date "2018.11.18"]
[Round "2.8"]
[White "Metzger, Istvan"]
[Black "Balazs, Andras"]
[Result "0-1"]
[WhiteElo "1888"]
[BlackElo "1920"]
[PlyCount "86"]
[EventDate "2018.10.28"]
[EventType "team-tourn"]
[EventRounds "9"]
[EventCountry "HUN"]
[SourceTitle "CBM 189 Extra"]
[Source "ChessBase"]
[SourceDate "2019.06.03"]
[SourceVersion "1"]
[SourceVersionDate "2019.06.03"]
[SourceQuality "1"]
[WhiteTeam "Zsambek"]
[BlackTeam "Nyergesujfalu"]
[WhiteTeamCountry "HUN"]
[BlackTeamCountry "HUN"]

1. e4 c5 2. Nf3 d6 3. Nc3 a6 4. d4 cxd4 5. Nxd4 Nf6 6. f3 e6 7. Bc4 Qc7 8. Bb3 b5 9. Be3 Be7 10. Qd2 Nc6 11. 0-0-0 Na5 12. Kb1 Nc4 13. Qe2 Bd7 14. Rdf1 Rc8 15. g4 Nxb2 16. Ncxb5 axb5 17. Kxb2 0-0 18. g5 Ne8 19. Qd2 e5 20. Nf5 Be6 21. Nxe7+ Qxe7 22. Qb4 Bc4 23. Rf2 Qe6 24. h4 Nc7 25. Rd2 d5 26. Rf2 Na6 27. exd5 Qxd5 28. Qd2 Qe6 29. Qa5 Rfd8 30. Rd2 Rxd2 31. Qxd2 Qc6 32. Rd1 g6 33. Qd7 Qa8 34. Rd2 Nb4 35. a3 Nc6 36. Rd6 Na5 37. Bd2 Nb7 38. Rf6 Rd8 39. Qc7 Rc8 40. Qxe5 Bxb3 41. cxb3 Nc5 42. Qe7 Nd3+ 43. Kb1 Qd5 0-1

[Event "Budapest-chT1 Lilienthal 1718"]
[Site "Budapest"]
[Date "2018.02.11"]
[Round "9"]
[White "Molnar, Jozsef2222"]
[Black "Metzger, Istvan"]
[Result "1-0"]
[WhiteElo "2126"]
[BlackElo "1881"]
[PlyCount "41"]
[EventDate "2017.10.01"]
[EventType "team-tourn"]
[EventRounds "13"]
[EventCountry "HUN"]
[SourceTitle "EXT 2021"]
[Source "ChessBase"]
[SourceDate "2020.10.23"]
[SourceVersion "1"]
[SourceVersionDate "2020.10.23"]
[SourceQuality "1"]
[WhiteTeam "Budapest MTK III"]
[BlackTeam "Budapest Ujpest KSE"]
[WhiteTeamCountry "HUN"]
[BlackTeamCountry "HUN"]

1. e4 e5 2. Nf3 Nc6 3. Bb5 a6 4. Ba4 Nf6 5. d3 b5 6. Bb3 Be7 7. 0-0 d6 8. c3 0-0 9. Re1 Na5 10. Bc2 c5 11. h3 h6 12. Nbd2 Nh7 13. a4 Be6 14. d4 Qc7 15. b4 Nb7 16. bxc5 exd4 17. cxd6 Bxd6 18. cxd4 Qc3 19. Rb1 Ba2 20. Rb2 Bc4 21. Re3 1-0

[Event "Budapest-chT1 Lilienthal 1718"]
[Site "Budapest"]
[Date "2018.01.14"]
[Round "6"]
[White "Metzger, Istvan"]
[Black "Nadassy, Attila"]
[Result "0-1"]
[WhiteElo "1881"]
[BlackElo "1990"]
[PlyCount "80"]
[EventDate "2017.10.01"]
[EventType "team-tourn"]
[EventRounds "13"]
[EventCountry "HUN"]
[SourceTitle "EXT 2021"]
[Source "ChessBase"]
[SourceDate "2020.10.23"]
[SourceVersion "1"]
[SourceVersionDate "2020.10.23"]
[SourceQuality "1"]
[WhiteTeam "Budapest Ujpest KSE"]
[BlackTeam "Penzugyor III"]
[WhiteTeamCountry "HUN"]
[BlackTeamCountry "HUN"]

1. e4 d5 2. exd5 Qxd5 3. Nc3 Qd6 4. Nf3 Bg4 5. d4 Nf6 6. h3 Bh5 7. g4 Bg6 8. Nb5 Qb6 9. c4 c6 10. Nc3 Nbd7 11. Bd3 0-0-0 12. b3 e5 13. Bxg6 hxg6 14. Ng5 Bb4 15. Bd2 Qxd4 16. Qf3 e4 17. Qg3 Ne5 18. 0-0-0 Nd3+ 19. Kc2 Nxf2 20. Rhe1 Nxd1 21. Rxd1 Bxc3 22. Qxc3 Qxc3+ 23. Bxc3 Rxd1 24. Kxd1 Kd7 25. Ke2 b6 26. Kf2 Ke7 27. b4 Rd8 28. Ke2 Rd3 29. Bb2 a5 30. bxa5 bxa5 31. c5 Rd5 32. Bc1 Rd7 33. Bd2 a4 34. a3 Rb7 35. Bc1 Rb3 36. Kd2 Rb5 37. Ke3 Rxc5 38. Bd2 Rc4 39. Be1 Nd5+ 40. Ke2 f6 0-1

[Event "Budapest-chT1 Lilienthal 1718"]
[Site "Budapest"]
[Date "2017.11.19"]
[Round "4"]
[White "Metzger, Istvan"]
[Black "Falucskai, Istvan Roland"]
[Result "1-0"]
[WhiteElo "1881"]
[BlackElo "1794"]
[PlyCount "51"]
[EventDate "2017.10.01"]
[EventType "team-tourn"]
[EventRounds "13"]
[EventCountry "HUN"]
[SourceTitle "EXT 2021"]
[Source "ChessBase"]
[SourceDate "2020.10.23"]
[SourceVersion "1"]
[SourceVersionDate "2020.10.23"]
[SourceQuality "1"]
[WhiteTeam "Budapest Ujpest KSE"]
[BlackTeam "SENSE"]
[WhiteTeamCountry "HUN"]
[BlackTeamCountry "HUN"]

1. e4 c5 2. Nf3 Nc6 3. d4 cxd4 4. Nxd4 Nf6 5. Nc3 d6 6. Be2 g6 7. Be3 Bg7 8. h3 a6 9. Qd2 Bd7 10. f4 b5 11. Bf3 e5 12. Nb3 0-0 13. Qxd6 Re8 14. a3 Bf8 15. Qd2 b4 16. axb4 Bxb4 17. Rd1 exf4 18. Bxf4 Nxe4 19. Bxe4 Rxe4+ 20. Kf2 Ne5 21. Bxe5 Rxe5 22. Qxd7 Qf6+ 23. Kg1 Rae8 24. Qd4 Re1+ 25. Kh2 Bxc3 26. bxc3 1-0

[Event "HUN-chT2 Breyer 1617"]
[Site "Hungary"]
[Date "2017.04.09"]
[Round "9.8"]
[White "Barczi, Tibor"]
[Black "Metzger, Istvan"]
[Result "0-1"]
[WhiteElo "2112"]
[BlackElo "1836"]
[PlyCount "156"]
[EventDate "2016.10.30"]
[EventType "team-tourn"]
[EventRounds "9"]
[EventCountry "HUN"]
[SourceTitle "EXT 2021"]
[Source "ChessBase"]
[SourceDate "2020.10.23"]
[SourceVersion "1"]
[SourceVersionDate "2020.10.23"]
[SourceQuality "1"]
[WhiteTeam "Kisber Aszar"]
[BlackTeam "Zsambek"]
[WhiteTeamCountry "HUN"]
[BlackTeamCountry "HUN"]

1. e4 e5 2. Nc3 Nf6 3. Bc4 Nc6 4. d3 d6 5. f4 exf4 6. Bxf4 Bg4 7. Qd2 Be7 8. h3 Be6 9. Bb5 Bd7 10. Nf3 0-0 11. 0-0 a6 12. Bxc6 Bxc6 13. Nd4 Bd7 14. Rf3 c5 15. Nf5 Bxf5 16. exf5 d5 17. Be5 d4 18. Ne4 Nxe4 19. dxe4 f6 20. Bf4 Qb6 21. Rb3 Qc6 22. Qe2 c4 23. Rg3 Rf7 24. Re1 b5 25. Kh1 Re8 26. e5 fxe5 27. Qxe5 Rd8 28. Qe6 Qd5 29. Bh6 Bf6 30. Qxd5 Rxd5 31. Re8+ Rf8 32. Re6 Rxf5 33. Bd2 Be5 34. Rf3 Rxf3 35. gxf3 Bf6 36. Kg2 Ra8 37. Ba5 Kf7 38. Rd6 Ke7 39. Bb4 Kf7 40. Bc5 Be5 41. Rc6 d3 42. cxd3 cxd3 43. Kf2 Bf4 44. Rb6 d2 45. Rb7+ Ke6 46. Ke2 Kd5 47. Bb4 Re8+ 48. Re7 Rxe7+ 49. Bxe7 Kc4 50. Bf8 Be5 51. Kxd2 Bxb2 52. Bd6 Bf6 53. Bc7 Bc3+ 54. Kc2 a5 55. Bd8 a4 56. a3 Bf6 57. Bc7 b4 58. axb4 Kxb4 59. Bd6+ Kc4 60. Bf8 g6 61. Bd6 Bd4 62. f4 Kd5 63. Ba3 Ke4 64. Bd6 Be3 65. Kb2 Bxf4 66. Be7 Kd5 67. Bd8 Bd6 68. Bg5 Ke4 69. Kc3 Kf5 70. Bc1 Ke4 71. Bg5 Kf3 72. Bf6 Kg3 73. h4 Kg4 74. Kc4 Bg3 75. Kb4 Bxh4 76. Bd4 Kf3 77. Kxa4 Bf2 78. Be5 g5 0-1

[Event "HUN-chT2 Breyer 1617"]
[Site "Hungary"]
[Date "2016.12.11"]
[Round "4.8"]
[White "Toth, Istvan2222"]
[Black "Metzger, Istvan"]
[Result "1-0"]
[WhiteElo "1894"]
[BlackElo "1836"]
[PlyCount "83"]
[EventDate "2016.10.30"]
[EventType "team-tourn"]
[EventRounds "9"]
[EventCountry "HUN"]
[SourceTitle "EXT 2021"]
[Source "ChessBase"]
[SourceDate "2020.10.23"]
[SourceVersion "1"]
[SourceVersionDate "2020.10.23"]
[SourceQuality "1"]
[WhiteTeam "Nyergesujfalu"]
[BlackTeam "Zsambek"]
[WhiteTeamCountry "HUN"]
[BlackTeamCountry "HUN"]

1. e4 e5 2. Nf3 Nc6 3. Bb5 a6 4. Ba4 Nf6 5. 0-0 Be7 6. Re1 b5 7. Bb3 d6 8. c3 0-0 9. h3 Na5 10. Bc2 c5 11. a4 Bd7 12. d4 Qc7 13. Nbd2 Rfc8 14. d5 c4 15. Nf1 bxa4 16. Bxa4 Bxa4 17. Rxa4 Nb3 18. N3d2 Na5 19. Ne3 Qb6 20. Ndxc4 Nxc4 21. Nxc4 Qb5 22. Rb4 Qe8 23. Nb6 Nd7 24. Nxa8 Rxa8 25. Be3 Qc8 26. Qd3 h6 27. Qc4 Nc5 28. Rb6 f5 29. f3 fxe4 30. fxe4 Kh7 31. Ra1 Qf8 32. Bxc5 dxc5 33. Raxa6 Bg5 34. Qe2 c4 35. Qf2 Qd8 36. Qf5+ Kh8 37. Rc6 Rb8 38. Ra7 Be3+ 39. Kh1 Bxa7 40. Qxe5 Rxb2 41. Rxh6+ Kg8 42. Qe6+ 1-0

[Event "HUN-chT2 Breyer 1617"]
[Site "Hungary"]
[Date "2016.11.13"]
[Round "2.8"]
[White "Mullner, Janos"]
[Black "Metzger, Istvan"]
[Result "1-0"]
[WhiteElo "2001"]
[BlackElo "1836"]
[PlyCount "81"]
[EventDate "2016.10.30"]
[EventType "team-tourn"]
[EventRounds "9"]
[EventCountry "HUN"]
[SourceTitle "EXT 2021"]
[Source "ChessBase"]
[SourceDate "2020.10.23"]
[SourceVersion "1"]
[SourceVersionDate "2020.10.23"]
[SourceQuality "1"]
[WhiteTeam "Torokbalint"]
[BlackTeam "Zsambek"]
[WhiteTeamCountry "HUN"]
[BlackTeamCountry "HUN"]

1. d4 Nf6 2. c4 g6 3. Nc3 Bg7 4. e4 d6 5. Nf3 0-0 6. Be2 c5 7. d5 Na6 8. 0-0 Nc7 9. Qc2 a6 10. a4 Bd7 11. a5 Ng4 12. Ra3 Ne5 13. Na4 Nxf3+ 14. Bxf3 Rb8 15. Nb6 Be8 16. Bd2 e5 17. b4 cxb4 18. Bxb4 Na8 19. c5 Nxb6 20. cxb6 Bb5 21. Rc1 Bh6 22. Bd2 Bxd2 23. Qxd2 Qf6 24. Rac3 Rfd8 25. Bg4 Bd7 26. Qe2 h5 27. Bxd7 Rxd7 28. Qe3 Kg7 29. Rc7 Qd8 30. f4 exf4 31. Qxf4 Qe7 32. Rxd7 Qxd7 33. Rc7 Qe8 34. h3 Kg8 35. Qf6 Qf8 36. Rd7 Qe8 37. Qxd6 Rc8 38. Rc7 Rd8 39. Qf6 Rd7 40. d6 h4 41. e5 1-0

[Event "HUN-chT2 Breyer 1617"]
[Site "Hungary"]
[Date "2016.10.30"]
[Round "1.8"]
[White "Metzger, Istvan"]
[Black "Juhasz, Agoston Botond"]
[Result "1-0"]
[WhiteElo "1836"]
[BlackElo "1840"]
[PlyCount "75"]
[EventDate "2016.10.30"]
[EventType "team-tourn"]
[EventRounds "9"]
[EventCountry "HUN"]
[SourceTitle "EXT 2021"]
[Source "ChessBase"]
[SourceDate "2020.10.23"]
[SourceVersion "1"]
[SourceVersionDate "2020.10.23"]
[SourceQuality "1"]
[WhiteTeam "Zsambek"]
[BlackTeam "Budapest MTK II"]
[WhiteTeamCountry "HUN"]
[BlackTeamCountry "HUN"]

1. e4 c6 2. d4 d5 3. Nc3 dxe4 4. Nxe4 Bf5 5. Ng3 Bg6 6. Nf3 Nd7 7. Bd3 Bxd3 8. Qxd3 e6 9. 0-0 Ngf6 10. Qb3 Qc7 11. Bd2 a5 12. Rfe1 Be7 13. Qd3 0-0 14. Ne4 Nxe4 15. Qxe4 Nf6 16. Qe2 a4 17. a3 Qb6 18. Rab1 Rfd8 19. c3 Ra5 20. c4 Raa8 21. Bc3 Rac8 22. c5 Qa7 23. Ne5 Nd5 24. Bd2 b6 25. cxb6 Qxb6 26. Be3 Nxe3 27. fxe3 Qc7 28. Rec1 Qb7 29. Qf3 Bg5 30. Rc2 f6 31. Nd3 Qb3 32. Rc3 Qd5 33. Kf2 e5 34. Qxd5+ Rxd5 35. Nb4 exd4 36. Nxd5 dxc3 37. Ne7+ Kf7 38. Nxc8 1-0

[Event "Budapest-chT1 Lilienthal 1516"]
[Site "Budapest"]
[Date "2015.09.20"]
[Round "1"]
[White "Metzger, Istvan"]
[Black "Martin, Bela"]
[Result "1/2-1/2"]
[WhiteElo "1884"]
[BlackElo "2006"]
[PlyCount "37"]
[EventDate "2015.09.20"]
[EventType "team-tourn"]
[EventRounds "9"]
[EventCountry "HUN"]
[SourceTitle "EXT 2021"]
[Source "ChessBase"]
[SourceDate "2020.10.23"]
[SourceVersion "1"]
[SourceVersionDate "2020.10.23"]
[SourceQuality "1"]
[WhiteTeam "Budapest Ujpest KSE"]
[BlackTeam "Barcza GSC"]
[WhiteTeamCountry "HUN"]
[BlackTeamCountry "HUN"]

1. e4 c5 2. Nf3 Nc6 3. d4 cxd4 4. Nxd4 g6 5. Be3 Nf6 6. Nc3 Bg7 7. Be2 0-0 8. Qd2 d5 9. exd5 Nxd5 10. Nxd5 Qxd5 11. Bf3 Qe5 12. Nxc6 bxc6 13. c3 Ba6 14. Be2 Rfd8 15. Qc2 Bxe2 16. Qxe2 a5 17. 0-0 a4 18. a3 Qb5 19. Qxb5 1/2-1/2

[Event "HUN-chT2 Breyer 1415"]
[Site "Hungary"]
[Date "2015.04.26"]
[Round "?"]
[White "Metzger, Istvan"]
[Black "Draga, Balazs"]
[Result "1/2-1/2"]
[WhiteElo "1919"]
[BlackElo "1954"]
[PlyCount "54"]
[EventDate "2014.09.07"]
[EventType "team-tourn"]
[EventRounds "11"]
[EventCountry "HUN"]
[SourceTitle "EXT 2016"]
[Source "ChessBase"]
[SourceDate "2015.10.08"]
[SourceVersion "1"]
[SourceVersionDate "2015.10.08"]
[SourceQuality "1"]
[WhiteTeam "Zsambek"]
[BlackTeam "Nyergesujfalu"]
[WhiteTeamCountry "HUN"]
[BlackTeamCountry "HUN"]

1. e4 e6 2. d4 d5 3. exd5 exd5 4. Bd3 Nf6 5. Ne2 Bd6 6. 0-0 0-0 7. c3 Bg4 8. Qc2 c6 9. Bg5 h6 10. Bf4 Bxf4 11. Nxf4 Qd6 12. Ne2 Re8 13. Ng3 Nh5 14. Nxh5 Bxh5 15. Nd2 Nd7 16. Rfe1 Nf8 17. Nf1 Bg6 18. Ng3 Re6 19. Re2 Rxe2 20. Qxe2 Bxd3 21. Qxd3 Re8 22. Qd2 Qg6 23. f3 a5 24. a3 a4 25. Re1 Re6 26. Rxe6 Qxe6 27. Qe2 b5 1/2-1/2

[Event "HUN-chT2 Breyer 1415"]
[Site "Hungary"]
[Date "2015.02.08"]
[Round "?"]
[White "Kertesz, Zsolt"]
[Black "Metzger, Istvan"]
[Result "1-0"]
[WhiteElo "2110"]
[BlackElo "1919"]
[PlyCount "45"]
[EventDate "2014.09.07"]
[EventType "team-tourn"]
[EventRounds "11"]
[EventCountry "HUN"]
[SourceTitle "EXT 2016"]
[Source "ChessBase"]
[SourceDate "2015.10.08"]
[SourceVersion "1"]
[SourceVersionDate "2015.10.08"]
[SourceQuality "1"]
[WhiteTeam "Hobagoly"]
[BlackTeam "Zsambek"]
[WhiteTeamCountry "HUN"]
[BlackTeamCountry "HUN"]

1. e4 e5 2. Nf3 Nc6 3. Bb5 a6 4. Bc4 Nf6 5. d3 b5 6. Bb3 d6 7. c3 Be7 8. 0-0 0-0 9. Re1 Na5 10. Bc2 c5 11. Nbd2 h6 12. Nf1 Nh7 13. a4 Bg4 14. h3 Be6 15. Ne3 Ng5 16. Nh2 f5 17. exf5 Bxf5 18. Nxf5 Rxf5 19. d4 Rf8 20. Bxg5 Bxg5 21. Qd3 Bf6 22. Ng4 Nc6 23. Nxh6+ 1-0

[Event "HUN-chT2 Breyer 1415"]
[Site "Hungary"]
[Date "2014.09.07"]
[Round "?"]
[White "Metzger, Istvan"]
[Black "Torok, Tamas Titusz"]
[Result "0-1"]
[WhiteElo "1919"]
[BlackElo "2098"]
[PlyCount "116"]
[EventDate "2014.09.07"]
[EventType "team-tourn"]
[EventRounds "11"]
[EventCountry "HUN"]
[SourceTitle "EXT 2016"]
[Source "ChessBase"]
[SourceDate "2015.10.08"]
[SourceVersion "1"]
[SourceVersionDate "2015.10.08"]
[SourceQuality "1"]
[WhiteTeam "Zsambek"]
[BlackTeam "Pestszentlorinc"]
[WhiteTeamCountry "HUN"]
[BlackTeamCountry "HUN"]

1. e4 e5 2. Nf3 Nc6 3. Nc3 Nf6 4. d3 h6 5. Be2 d5 6. exd5 Nxd5 7. Nxd5 Qxd5 8. 0-0 Be7 9. b3 0-0 10. Bb2 Bf6 11. Nd2 Nd4 12. Bxd4 Qxd4 13. Ne4 Be7 14. Bf3 Be6 15. Ng3 c6 16. Ne2 Qb6 17. a4 a5 18. Rb1 Rad8 19. Ng3 Qd4 20. Qe2 Bb4 21. Qe4 Qd6 22. Nf5 Qd7 23. Ng3 f6 24. Bh5 Bd6 25. Rbd1 f5 26. Qe2 Rf6 27. Bf3 g5 28. h3 Bd5 29. Rfe1 Re8 30. Bxd5+ cxd5 31. Qf3 Qf7 32. Qh5 Rg6 33. Qf3 Rf6 34. Nh5 Rg6 35. Ng3 Rf8 36. Rf1 Bb4 37. c4 e4 38. dxe4 dxe4 39. Qe2 Bd6 40. Nh1 Qe7 41. Qd2 Kh7 42. Qd5 Bc5 43. Qd7 Re6 44. Rfe1 f4 45. Kf1 Rf7 46. Qxe7 Rfxe7 47. Re2 Kg6 48. Rd5 Re5 49. Rxe5 Rxe5 50. Ke1 h5 51. Kd1 Re6 52. Kc2 h4 53. Kc3 Kf5 54. Kc2 Rd6 55. Rd2 Rxd2+ 56. Kxd2 Ke5 57. g3 Kd4 58. Kc2 f3 0-1

[Event "HUN-chT2 Breyer 1314"]
[Site "Hungary"]
[Date "2014.04.27"]
[Round "9"]
[White "Metzger, Istvan"]
[Black "Erky, Tamas"]
[Result "1-0"]
[WhiteElo "1930"]
[BlackElo "1552"]
[PlyCount "85"]
[EventDate "2013.09.08"]
[EventType "team-tourn"]
[EventRounds "9"]
[EventCountry "HUN"]
[SourceTitle "EXT 2016"]
[Source "ChessBase"]
[SourceDate "2015.10.08"]
[SourceVersion "1"]
[SourceVersionDate "2015.10.08"]
[SourceQuality "1"]
[WhiteTeam "Zsambek"]
[BlackTeam "Gyor Szechenyi"]
[WhiteTeamCountry "HUN"]
[BlackTeamCountry "HUN"]

1. e4 e6 2. d4 d5 3. exd5 exd5 4. Nf3 Nf6 5. Bg5 Be7 6. Bd3 h6 7. Bh4 c6 8. h3 Be6 9. 0-0 0-0 10. c3 Nbd7 11. a4 Qc7 12. Bg3 Bd6 13. Bxd6 Qxd6 14. Nbd2 Rfe8 15. Nh2 Qf4 16. g3 Qd6 17. Kg2 Nf8 18. Qf3 Qd7 19. g4 N8h7 20. Qg3 Rad8 21. Rae1 Qd6 22. f4 Bc8 23. Nhf3 Rxe1 24. Rxe1 Re8 25. Re5 Qd8 26. Qe1 Rxe5 27. dxe5 Ne8 28. Qe3 Nc7 29. Qxa7 Ne6 30. Qe3 c5 31. Kg3 b6 32. h4 Bb7 33. f5 Nef8 34. Qf4 c4 35. Bc2 Nd7 36. Qd4 Nc5 37. Nxc4 Qc7 38. Nd6 Bc6 39. Qf4 Qe7 40. b3 Ba8 41. f6 Qf8 42. fxg7 Qxg7 43. Nf5 1-0

[Event "HUN-chT2 Breyer 1314"]
[Site "Hungary"]
[Date "2014.03.02"]
[Round "6"]
[White "Metzger, Istvan"]
[Black "Farkas, Laszlo"]
[Result "0-1"]
[WhiteElo "1930"]
[BlackElo "1860"]
[PlyCount "70"]
[EventDate "2013.09.08"]
[EventType "team-tourn"]
[EventRounds "9"]
[EventCountry "HUN"]
[SourceTitle "EXT 2016"]
[Source "ChessBase"]
[SourceDate "2015.10.08"]
[SourceVersion "1"]
[SourceVersionDate "2015.10.08"]
[SourceQuality "1"]
[WhiteTeam "Zsambek"]
[BlackTeam "Szazhalombatta"]
[WhiteTeamCountry "HUN"]
[BlackTeamCountry "HUN"]

1. e4 c5 2. Nf3 e6 3. d4 cxd4 4. Nxd4 Nc6 5. Nc3 Qc7 6. Ndb5 Qb8 7. Be3 a6 8. Nd4 b5 9. a3 Bb7 10. Be2 Bd6 11. Qd2 Be5 12. Rd1 Nxd4 13. Bxd4 Bc6 14. Qg5 Bxd4 15. Rxd4 g6 16. 0-0 h6 17. Qe3 Qa7 18. Qd2 Ne7 19. Rd1 Qc7 20. Na2 a5 21. Nc3 Rb8 22. Bf3 Rb7 23. Na2 g5 24. b4 a4 25. Nc1 Ng6 26. Qc3 Ne5 27. Be2 0-0 28. Nd3 d6 29. Ne1 Rd8 30. Nf3 f6 31. h3 Nf7 32. Qe3 Be8 33. Rc1 Qb6 34. Qd2 Rc7 35. Nh2 Rdc8 0-1

[Event "Budapest-chT1 Lilienthal 1213"]
[Site "Budapest"]
[Date "2013.02.03"]
[Round "7"]
[White "Vendeg, Balazs"]
[Black "Metzger, Istvan"]
[Result "1-0"]
[WhiteElo "1945"]
[BlackElo "1976"]
[PlyCount "61"]
[EventDate "2012.09.30"]
[EventType "team-tourn"]
[EventRounds "11"]
[EventCountry "HUN"]
[SourceTitle "EXT 2019"]
[Source "ChessBase"]
[SourceDate "2018.10.10"]
[SourceVersion "1"]
[SourceVersionDate "2018.10.10"]
[SourceQuality "1"]
[WhiteTeam "Budapest SENSE"]
[BlackTeam "Budapest Ujpest KSE"]
[WhiteTeamCountry "HUN"]
[BlackTeamCountry "HUN"]

1. d4 Nf6 2. Nf3 g6 3. Bg5 Bg7 4. Nbd2 0-0 5. c3 d5 6. e3 Nbd7 7. Bd3 c5 8. 0-0 b6 9. b4 Bb7 10. bxc5 bxc5 11. Qa4 Nb6 12. Qa5 c4 13. Be2 Nfd7 14. a4 Bc6 15. Rfb1 f6 16. Bh4 g5 17. Bg3 e6 18. Qb4 Nc8 19. a5 h5 20. h3 h4 21. Bh2 f5 22. Ne5 Nxe5 23. Bxe5 Bxe5 24. dxe5 Kh7 25. Qc5 Ne7 26. Nf3 Kh6 27. Nd4 Qd7 28. Qd6 Rg8 29. Qxe6+ Rg6 30. Qxe7 Qc8 31. e6 1-0

[Event "HUN-chT2 Breyer 1213"]
[Site "Hungary"]
[Date "2012.11.04"]
[Round "3.8"]
[White "Metzger, Istvan"]
[Black "Tessedik, Karoly"]
[Result "0-1"]
[WhiteElo "1976"]
[BlackElo "1946"]
[PlyCount "168"]
[EventDate "2012.09.16"]
[EventType "team-tourn"]
[EventRounds "11"]
[EventCountry "HUN"]
[SourceTitle "EXT 2014"]
[Source "ChessBase"]
[SourceDate "2013.11.20"]
[SourceVersion "1"]
[SourceVersionDate "2013.11.20"]
[SourceQuality "1"]
[WhiteTeam "Zsambek"]
[BlackTeam "Torokbalint"]
[WhiteTeamCountry "HUN"]
[BlackTeamCountry "HUN"]

1. e4 c5 2. Nc3 e6 3. g3 Nc6 4. Bg2 d6 5. Nge2 Nf6 6. 0-0 a6 7. f4 h5 8. h3 Qc7 9. d3 b5 10. Be3 Bb7 11. Qd2 Rd8 12. Nd1 g6 13. f5 gxf5 14. exf5 e5 15. Bg5 Be7 16. Ne3 Ne4 17. Nd5 Nxd2 18. Nxc7+ Kd7 19. Bxd2 Kxc7 20. Bd5 f6 21. Kh2 Nb4 22. Bxb4 cxb4 23. Bb3 d5 24. a4 bxa4 25. Bxa4 Bd6 26. d4 Rdg8 27. Kg2 exd4 28. Rf3 Be5 29. Kf2 Rg5 30. Nf4 Bxf4 31. Rxf4 Rhg8 32. Rg1 Kd6 33. g4 Bc8 34. Rg3 Ke5 35. Kf3 Bb7 36. Rg2 d3 37. Rxb4 Ba8 38. Rb6 hxg4+ 39. hxg4 d4+ 40. Bc6 dxc2 41. Rxc2 Rxg4 42. Bxa8 Rf4+ 43. Ke2 Kxf5 44. Rxa6 Re8+ 45. Kd2 Re3 46. b4 Rf2+ 47. Kc1 Rf1+ 48. Kb2 Ree1 49. Ra2 d3 50. Rd2 Rb1+ 51. Kc3 Rfc1+ 52. Kxd3 Rxb4 53. Be4+ Rxe4 54. Rf2+ Rf4 55. Ra5+ Kg4 56. Rg2+ Kf3 57. Raa2 Rd1+ 58. Kc3 Rd6 59. Raf2+ Ke4 60. Re2+ Kf5 61. Re3 Re4 62. Rf2+ Rf4 63. Rg2 Rf1 64. Rgg3 Rc1+ 65. Kb2 Rc5 66. Rgf3+ Kg6 67. Rb3 f5 68. Rg3+ Kf6 69. Rgf3 Rdd5 70. Rbe3 Rd4 71. Re2 Rb4+ 72. Rb3 Rxb3+ 73. Kxb3 f4 74. Kb4 Rc8 75. Kb3 Kf5 76. Re7 f3 77. Rf7+ Kg4 78. Rg7+ Kf4 79. Rf7+ Kg3 80. Rg7+ Kf2 81. Rf7 Kg2 82. Rg7+ Kf1 83. Rf7 f2 84. Rf6 Rg8 0-1